000
00283nam a22001097a 4500
008
230704b xxu||||| |||| 00| 0 eng d
082
_a
341.08
_b
TIT 1954
245
_a
Survey of International Affairs 1951
260
_b
Oxford University Press
_c
1954
300
_a
505p
942
_2
ddc
_c
BK
999
_c
3722
_d
3722